Universities Of Sri Lanka - Statistics

General Stats
  • This quiz has been taken 7 times
  • The average score is 8 of 14
Answer Stats
Province University % Correct
Western University of Sri Jayawardenapura Kotte
83%
Western University of Colombo
67%
Northern University of Jaffna
67%
Western University of Kelaniya
67%
Western University of Moratuwa
67%
Central University of Peradeniya
67%
Southern University of Ruhuna
67%
Eastern Eastern University
50%
Eastern Southeastern University
50%
North Central University of Rajarata
50%
Uva Uva-wellassa University
50%
North Western Wayamba University
50%
Sabaragamuwa University of Sabaragamuwa
33%
Northern University of Vavuniya
33%
No matching quizzes found
Score Distribution
Percent of People with Each Score
Percentile by Number Answered
Your Score History
You have not taken this quiz